MESTSKÁ KNIŽNICA GIRALTOVCE  - online katalóg 

Slovensko v dobe veľkomoravskej (Record no. 19224)

000 -NÁVESTIE
fixed length control field 00807nam a2200241 a 4500
008 - ÚDAJE S PEVNOU DĹŽKOU – VŠEOBECNÉ INFORMÁCIE
fixed length control field 951027s1990||||[C 0 slo c
020 ## - MEDZINÁRODNÉ ŠTANDARDNÉ ČÍSLO KNIHY (ISBN)
Medzinárodné štandardné číslo knihy (ISBN) 808517491X
Údaje o dostupnosti 41
040 ## - ZDROJ KATALOGIZÁCIE
Pôvodná katalogizujúca agentúra SNK
Jazyk katalogizácie slo
Prepisujúca agentúra SNK
Konvencie popisu AACR2
041 1# - KÓD JAZYKA
Kód jazyka textu/zvukovej stopy alebo samostatných nápisov slo
Kód jazyka originálu a/alebo sprostredkujúcich prekladov textu slo
044 ## - KÓD KRAJINY VYDAVATEĽA/PRODUCENTA
Kód krajiny MARC xo
Kód krajiny ISO SK
080 ## - ČÍSLO MEDZINÁRODNÉHO DESATINNÉHO TRIEDENIA (MDT)
Číslo Medzinárodného desatinného triedenia (MDT) 943.72+943.76"04/09"
080 ## - ČÍSLO MEDZINÁRODNÉHO DESATINNÉHO TRIEDENIA (MDT)
Číslo Medzinárodného desatinného triedenia (MDT) 943.76"04/09"
080 ## - ČÍSLO MEDZINÁRODNÉHO DESATINNÉHO TRIEDENIA (MDT)
Číslo Medzinárodného desatinného triedenia (MDT) 943.76"04/09"
100 1# - OSOBNÉ MENÁ – VŠEOBECNÉ INFORMÁCIE
Osobné meno Ratkoš, Peter
Kód roly aut
245 10 - NÁZOV
Názov Slovensko v dobe veľkomoravskej
Údaj o zodpovednosti atď. Peter Ratkoš ; Pavol Rozložník
250 ## - ÚDAJ O PORADÍ VYDANIA
Údaj o poradí vydania 2., vyd.
260 ## - VYDAVATEĽSKÉ ÚDAJE, DISTRIBÚCIA ATĎ.
Miesto publikovania, distribúcie atď. Košice
Názov vydavateľa, distibútora atď. Východoslovenské vydavateľstvo
Dátum publikovania, distribúcie atď. 1990
Miesto výroby Košice
Výrobca Východoslovenské tlačiarne
300 ## - FYZICKÝ POPIS
Rozsah 210 s., 18,79 AH
Ďalšie fyzické detaily Fot.
Rozmery 24 cm
490 0# - EDÍCIA
Edícia História
500 ## - VŠEOBECNÁ POZNÁMKA
Formátovaná poznámka o obsahu Lit. 213. Rus., nem. a maď. res. 213 zázn. v slov., češ., ruš., nem., franc. a poľ.
700 1# - PRIDANÝ VSTUP – OSOBNÉ MENO
Osobné meno Rozložník, Pavol
Kód roly bkd
958 ## - Formálny deskriptor
Formálny deskriptor A
Holdings
Stav stiahnutia (Blokovanie) (Withrawn status) Stav straty Stav poškodenia (Damaged status) Nie pre výpožičky (Not for loan) Spôsob nadobudnutia (Collection code) Trvalé umiestnenie Aktuálne umiestnenie Dátum nadobudnutia Náklady, bežná kúpna cena Inventárne číslo (prírastkové číslo) Full call number Dátum posledného výskytu Cena s účinnosťou od Typ jednotky Koha
        Kúpa Mestská knižnica Giraltovce Mestská knižnica Giraltovce 2019-11-29 41.00 17773 I 1430 2019-11-29 2019-11-29 Odborná literatúra pre dospelých

Powered by Koha